000 00477nam a2200205Ia 4500
005 20250923144227.0
008 008 250917s9999 xx 000 0 eng d
037 _aTextual
040 _aDSWL
_beng
_cDSWL
041 _aeng
_2eng
084 _qDSWL
100 _aKhan, B.N
_9822587
245 0 _aNutition
_cby B.N Khan
260 _aIndia
_c1941
300 _a71 p.
365 _aINR
_b1
925 _g1
942 _cTEXL
999 _c1436311
_d1436311